Telecommunication transmission system (Record no. 612536)

000 -LEADER
fixed length control field 00448nam a22001337a 4500
020 ## - INTERNATIONAL STANDARD BOOK NUMBER
International Standard Book Number 0070709645
040 ## - CATALOGING SOURCE
Transcribing agency Nust
082 ## - DEWEY DECIMAL CLASSIFICATION NUMBER
Classification number 621.382
Author Mark STA'M
100 ## - MAIN ENTRY--PERSONAL NAME
Personal name Robert G. Winch
9 (RLIN) 127401
245 ## - TITLE STATEMENT
Title Telecommunication transmission system
Remainder of title Microwave, fiber optic, mobile cellular, radio, data, and digital multiplexing
260 ## - PUBLICATION, DISTRIBUTION, ETC.
Place of publication, distribution, etc. New York:
Name of publisher, distributor, etc. McGraw Hill,
Date of publication, distribution, etc. 1993.
650 ## - SUBJECT ADDED ENTRY--TOPICAL TERM
Topical term or geographic name entry element Telecommunication transmission system
9 (RLIN) 127402
942 ## - ADDED ENTRY ELEMENTS (KOHA)
Source of classification or shelving scheme
Koha item type Book
Holdings
Withdrawn status Lost status Source of classification or shelving scheme Damaged status Not for loan Permanent Location Current Location Shelving location Date acquired Total Checkouts Full call number Barcode Date last seen Price effective from Koha item type
          College of Electrical & Mechanical Engineering (CEME) College of Electrical & Mechanical Engineering (CEME) General Stacks 01/08/2025   621.382 STA'M CEME- 33209 01/08/2025 01/08/2025 Book
© 2023 Central Library, National University of Sciences and Technology. All Rights Reserved.